Normal view
MARC view
Entry Personal Name
001 - CONTROL NUMBER
- control field: 7628
003 - CONTROL NUMBER IDENTIFIER
- control field: ARRUPE
005 - DATE AND TIME OF LATEST TRANSACTION
- control field: 20140203103941.0
008 - FIXED-LENGTH DATA ELEMENTS
- fixed length control field: 140203|| aca||aabn | a|a d
040 ## - CATALOGING SOURCE
- Original cataloging agency: ARRUPE
- Transcribing agency: ARRUPE
100 ## - HEADING--PERSONAL NAME
- Personal name: Mansfield, Harvey Claflin,
- Dates associated with a name: 1932-
670 ## - SOURCE DATA FOUND
- Source citation: Work cat.: (ARRUPE)0: Mansfield, Harvey Claflin, 1932-, Tocqueville :, c2010.